| 000 | 00592ntaaa2200205 4500 | ||
|---|---|---|---|
| 003 | 01 | ||
| 005 | 20251027202637.0 | ||
| 008 | 0714s1973 ag 01 | ||
| 040 |
_aAR-BaBN _bspa _cAR-BaBN _eaacr _dRIC |
||
| 082 | _a372.2186 M34g | ||
| 100 |
_aMarrazzo, María Cristina Bozzini de _925834 |
||
| 245 | _aGuía de educación física para los jardines de infantes | ||
| 250 | _a2 ed. | ||
| 260 |
_aBuenos Aires : _bLa Obra, _cc1973 |
||
| 300 | _a95 p | ||
| 650 | _ajardín de infantes | ||
| 650 |
_aniños-educación física _925835 |
||
| 700 |
_aMarrazzo, Teófilo Mario _925836 |
||
| 942 | _cBK | ||
| 999 |
_c21595 _d21595 |
||